Modern art knowledge #2 - Statistics

General Stats
  • This quiz has been taken 12 times
  • The average score is 9 of 15
Answer Stats
Hint Answer % Correct
Citröen started naming their car models after his last name in the 90s. His full name was REALLY long. Picasso/Pablo Picasso/ Pablo Diego José Francisco de Paula Juan Nepomuceno María de los Remedios Cipriano de la Santísima Trinidad Ruiz y Picasso
100%
Along with the above founder of cubism Braque/Georges Braque
91%
Three pioneers of abstraction - geometrical, taught at Bauhaus, works with both lines and negative space between them, simple color palette, aiming for universal pieces that go well with modernist architecture Mondrian/ Piet Mondrian
91%
Street artist, musician and painter. Died at the age of 27, was friends with Andy Warhol and didn’t like the term “graffiti” Basquiat/Jean Basquiat/Jean-Michel Basquiat
82%
Three pioneers of abstraction - lyrical abstraction, visual composition, approaching painting as if he was composing a symphony Kandinsky/Vassily Kandinsky
82%
Second most famous pop artist after Andy Warhol. Inspired by comics books aesthetics. Lichtenstein/Roy Lichtenstein/Liechtenstein
82%
Belgium’s most famous surrealist. Often combining common objects in an uncommon way, creating new associations and juxtaposition. Magritte/René Magritte
82%
His paintings are said to evoke strong emotions to viewers, even including their eyes filling with tears. Though some claim this to be just elaborate marketing tactic. Whenever anyone criticises their work, follow up question is whether they’ve seen it themselves or not. Rothko/Mark Rothko
73%
Another street artist who died young, often worked in the New York subway. One of the most well known LGBT artists. Harring/Keith Harring
64%
Three pioneers of abstraction - geometrical compositions, basic geometrical shapes, suprematism, constructivism Malevich/ Kazimir Malevich
55%
Artist known mostly for photography, though he also painted. Inventor of the photogram and contributor to the surrealist and dada movements Man Ray
36%
A russian avant-garde abstract movement, one of the earliest abstract movements, splintering from russian futurism, founded by Miklail Larionov and Natalia Goncharova. Name similiar to the answer above, even though they are not related. Focused on representing novel concepts of light, such as x rays, hence the name. Rayonism
18%
Just as the above, he is part of abstract expressionism movement. Though his approach is entirely different from both the above and Jackson Pollock. They are mostly black and white shapes Kline/Franz Kline
9%
Movement often associated and coexisting with abstract expressionism, but focusing largely on the texture and being sort of anti-painting. Very fond of experimental techniques such as hammering nails and fabric onto the canvas Informel/art informel/informal
0%
The term used by critics for the two above Neoexpressionism/neo expressionism
0%
No matching quizzes found
Score Distribution
Percent of People with Each Score
Percentile by Number Answered
Your Score History
You have not taken this quiz